| 000 | 00000nam##2200000za#4500 |
| 001 | 9.570778 |
| 003 | CaOODSP |
| 005 | 20210624182415 |
| 007 | cr ||||||||||| |
| 008 | 150406|2007||||xxc|||||o f|0| 0 eng|d |
| 022 | |a1919-5087 |
| 040 | |aCaOODSP|beng |
| 043 | |an-cn--- |
| 086 | 1 |aFs70-6/2007-049E-PDF |
| 110 | 1 |aCanada. |bDepartment of Fisheries and Oceans. |bPacific Region. |
| 245 | 10|aPre-season run size forecasts for Fraser River sockeye salmon in 2008 |h[electronic resource] |
| 246 | 1 |aPacific Region - science advisory report 2007/049 |
| 260 | |aNanaimo - British Columbia : |bFisheries and Oceans Canada. |cFebruary 2008. |
| 300 | |a10p.|bcoloured illus., map, references, tables |
| 490 | 1 |aCanadian Science Advisory Secretariat science advisory report |x1919-5087|v2007/049, Pacific Region |
| 590 | |a11-20-Supp|b2011-09-29 |
| 775 | 08|tPrévisions d'avant-saison concernant l'importance de la montaison du saumon rouge du Fraser en 2008 |w(CaOODSP)9.601425 |
| 830 | #0|aScience advisory report (Canadian Science Advisory Secretariat)|x1919-5087|v2007/049, Pacific Region|w(CaOODSP)9.506226 |
| 856 | 40|ahttp://publications.gc.ca|qPDF|s127 KB|uhttps://publications.gc.ca/collections/collection_2011/mpo-dfo/Fs70-6-2007-049-eng.pdf|y2007/049, Pacific Region |